00656cam a2200193 a 4500001000700000003000400007005000900011008005900020100001900079245017300098260002900271300001600300504002100316650001500337040001300352942001200365999002100377952006400398146141OSt201809210000001973 dr AN 0000000000 00 aVega, Bernardo aEvaluación de la política de industrialización de la República Dominicana /cEvaluación de la política de industrialización de la República Dominicana / aSanto Domingo :b[s. n.] aiii, 221 p. aIncluye índice aINDUSTRIAS aDLCcDLC 2ddccBK c146141d14614100 00102ddc4070a1b1d2018-08-17oRD 338.097 293 V422eyBK